书目信息 |
| 题名: |
工程岩体节理力学
|
|
| 作者: | 夏才初 , 孙宗颀 著 | |
| 分册: | ||
| 出版信息: | 上海 同济大学出版社 2002.05 |
|
| 页数: | 161页 | |
| 开本: | 26cm | |
| 丛书名: | ||
| 单 册: | ||
| 中图分类: | TU45 | |
| 科图分类: | ||
| 主题词: | 岩土工程--节理--岩体力学 | |
| 电子资源: | ||
| ISBN: | 7-5608-2402-1 | |
| 000 | 00735nam0 2200217 45 | |
| 005 | 20050117091742.97 | |
| 010 | @a7-5608-2402-1@dCNY 20.00 | |
| 100 | @a20021118d2002 ekmy0chiy0121 ea | |
| 101 | 0 | @achi |
| 102 | @aCN@b310000 | |
| 105 | @aa z 000yy | |
| 200 | 1 | @a工程岩体节理力学@Agong cheng yan ti jie li li xue@f夏才初,孙宗颀著 |
| 210 | @a上海@c同济大学出版社@d2002.05 | |
| 215 | @a161页@c图@d26cm | |
| 330 | @a本书共八章:节理概论,节理表面形态的测试仪器和测试方法,节理表面形态的特征研究,节理剪切试验及节理剪切本构关系等。 | |
| 606 | 0 | @a岩土工程@x节理@x岩体力学 |
| 690 | @aTU45@v4 | |
| 701 | 0 | @a夏才初@Axia cai chu@4著 |
| 701 | 0 | @a孙宗颀@Asun zong qi@4著 |
| 801 | 0 | @aCN@bQSSKf@c20050117 |
| 905 | @a10447@dTU45@eX172 | |
| 工程岩体节理力学/夏才初,孙宗颀著.-上海:同济大学出版社,2002.05 |
| 161页:图;26cm |
| ISBN 7-5608-2402-1:CNY 20.00 |
| 本书共八章:节理概论,节理表面形态的测试仪器和测试方法,节理表面形态的特征研究,节理剪切试验及节理剪切本构关系等。 |
| ● |
| 相关链接 |
|
|
|
正题名:工程岩体节理力学
索取号:TU45/X172
 
预约/预借
| 序号 | 登录号 | 条形码 | 馆藏地/架位号 | 状态 | 备注 |
| 1 | 438210 | 204382104 | 建筑库101/101建筑库 95排4列3层/ [索取号:TU45/X172] | 在馆 | |
| 2 | 438211 | 204382113 | 建筑库101/101建筑库 95排4列3层/ [索取号:TU45/X172] | 在馆 | |
| 3 | 438212 | 204382122 | 建筑库101/101建筑库 95排4列3层/ [索取号:TU45/X172] | 在馆 |